| 000 | 01691nam a2200421 i 4500 | ||
|---|---|---|---|
| 001 | DIGDYK3986 | ||
| 003 | NyNyDIG | ||
| 007 | cr ||||||||||| | ||
| 008 | 250401s2024 sp a ob 000 0 spa d | ||
| 006 | m o d | ||
| 035 | _a(OCoLC)1495417966 | ||
| 040 |
_aDGITA _beng _erda _epn _cDGITA |
||
| 020 |
_a9788411700856 _qelectrónico |
||
| 020 | _z9788410707252 | ||
| 024 | 7 |
_a10.14679/3433 _2doi |
|
| 050 | 1 | 4 | _aJZ6300 ebook |
| 100 | 1 |
_aMartínez Pérez, Beatriz, _eauthor. |
|
| 245 | 1 | 0 |
_aCinco ejes en el pensamiento de Johan Galtung : _bcosmología, conflicto, violencia y paz / _cBeatriz Martínez Pérez con prólogo de Johan Galtung. |
| 246 | 3 | _a5 ejes en el pensamiento de Johan Galtung | |
| 264 | 1 |
_aMadrid : _bDykinson, S.L., _c[2024] |
|
| 300 |
_a1 online resource : _billustrations. |
||
| 336 |
_atext _btxt _2rdacontent |
||
| 337 |
_acomputer _bc _2rdamedia |
||
| 338 |
_aonline resource _bcr _2rdacarrier |
||
| 347 |
_atext file _2rdaft |
||
| 347 | _bPDF | ||
| 504 | _aIncludes bibliographical references. | ||
| 588 | 0 | _aOnline resource; title from PDF title page (Digitalia, viewed April 1, 2025) | |
| 600 | 1 | 0 |
_aGaltung, Johan _xCriticism and interpretation. |
| 650 | 0 | _aPeace-building. | |
| 700 | 1 |
_aGaltung, Johan, _econtributor agent of text. |
|
| 791 | 2 |
_aDigitalia (Firm), _edistributor. |
|
| 793 | 0 |
_gDigitalia eBook Collection: _aDykinson Editorial |
|
| 776 | 0 | 8 |
_iPrint version: _aMartínez Pérez, Beatriz. _tCinco ejes en el pensamiento de Johan Galtung. _dMadrid : Dykinson, S.L., [2024] _z9788410707252 |
| 856 | 4 | 0 |
_3Digitalia Hispánica _uhttps://www.digitaliapublishing.com/a/170853/ |
| 910 | _aPremium collection: 2025 | ||
| 942 | _cRAA | ||
| 999 |
_c290714 _d290714 |
||